LEADER 00993nam a2200265 i 4500 001 991002627749707536 005 20250416142325.0 008 141110s2014 fr |||| 00| | fre d 020 $a9788845277733 035 $ab14205609-39ule_inst 040 $aBibl. Dip.le Aggr. Scienze Economia - Sez. Settore Economico 082 04$a330.12209 100 1 $aPiketty, Thomas$0148972 240 10$aCapital au XXI siecle$949119 245 13$aIl capitale nel XXI secolo /$cThomas Piketty ; traduzione di Sergio Arecco 260 $aMilano :$bBompiani,$cc2014 300 $a946 p. :$bill. ;$c22 cm 490 1 $aSaggi Bompiani 650 04$aRedditi$xDistribuzione$ySec.18.-21 907 $a.b14205609$b12-12-14$c13-11-14 912 $a991002627749707536 945 $aLE025 ECO 330.1 PIK01.01$g1$i2025000267541$lle025$nProf. Russo$o-$pE22.00$q-$rl$s-$t0$u4$v3$w4$x0$y.i15649982$z12-12-14 996 $aCapital au XXI siecle$949119 997 $aUNISALENTO 998 $ale025$b13-11-14$cm$da$fita$git$h3$i0 LEADER 03186nam 22007095 450 001 9910483021403321 005 20250609110708.0 010 $a9783030357689 010 $a3030357686 024 7 $a10.1007/978-3-030-35768-9 035 $a(CKB)4100000011263614 035 $a(MiAaPQ)EBC6207024 035 $a(DE-He213)978-3-030-35768-9 035 $a(Perlego)3480961 035 $a(MiAaPQ)EBC6206980 035 $a(EXLCZ)994100000011263614 100 $a20200520d2020 u| 0 101 0 $aeng 135 $aurcnu|||||||| 181 $ctxt$2rdacontent 182 $cc$2rdamedia 183 $acr$2rdacarrier 200 10$aCarers, Care Homes and the British Media $eTime to Care /$fby Hannah Grist, Ros Jennings 205 $a1st ed. 2020. 210 1$aCham :$cSpringer International Publishing :$cImprint: Palgrave Macmillan,$d2020. 215 $a1 online resource (121 pages) $cillustrations 300 $aIncludes index. 311 08$a9783030357672 311 08$a3030357678 327 $a1. Introduction -- 2. Autoethnographies of Care -- 3. Little more than Fools and Monsters: Care workers in the UK Media -- 4. Conversations with Carers -- 5. Concluding Thoughts. 330 $aThis book focuses on the relationship between the media and those who work as paid care assistants in care homes in Britain. It explores this relationship in terms of the contemporary cultural and personal understandings of care work and care homes that have developed as the role has emerged as increasingly socially and economically significant in society. Three strands of analysis are integrated: an examination of the representations of paid care workers in the British media; the experiences of current and former care workers; and the autoethnographic reflections of the authors who have experiences of working as care assistants. The book offers a rich contextual and experiential account of the responsibilities, challenges, and emotions of care work in British society. Grist and Jennings make a case for the need to better value and more accurately represent care work in contemporary media accounts. 606 $aCommunication 606 $aEthnology$zGreat Britain 606 $aCulture 606 $aJournalism 606 $aSociology 606 $aSocial groups 606 $aMedia and Communication 606 $aBritish Culture 606 $aJournalism 606 $aSociology of Family, Youth and Aging 615 0$aCommunication. 615 0$aEthnology 615 0$aCulture. 615 0$aJournalism. 615 0$aSociology. 615 0$aSocial groups. 615 14$aMedia and Communication. 615 24$aBritish Culture. 615 24$aJournalism. 615 24$aSociology of Family, Youth and Aging. 676 $a362.23 676 $a306.0941 700 $aGrist$b Hannah$4aut$4http://id.loc.gov/vocabulary/relators/aut$0967152 702 $aJennings$b Ros$4aut$4http://id.loc.gov/vocabulary/relators/aut 801 0$bMiAaPQ 801 1$bMiAaPQ 801 2$bMiAaPQ 906 $aBOOK 912 $a9910483021403321 996 $aCarers, Care Homes and the British Media$92195612 997 $aUNINA